000 00799nam a2200253Ia 4500
003 OSt
005 20220918173124.0
006 a|||||r|||| 00| 0
007 ta
008 220917b |||||||| |||| 00| 0 eng d
024 _a5,270
037 _cTextual
040 _aARTS
_cARTS
_beng
041 _2eng
_aeng
082 _a2:62:f, L5 (2)
110 _aEducation And Science (Department 0f-) (Great Britain)
_945044
245 0 _aPublic lending right
_b An account of an investigation of technical and cost and aspects
260 _aLondon
_bHMSO
_c1975
300 _avi,53p,illus Appendix
_ccm.
650 _aLIBRARY SCIENCE
700 _aEducation And Science (Department 0f-) (Great Britain)
_945045
942 _h2:62:f, L5 (2)
_cTEXL
_2CC
999 _c147304
_d147304